01529nam a2200157 i 4500001000700000003000900007005001700016008004100033080001200074110004400086245010100130260006100231300002000292505101300312852004601325170721ES-MaACL20230906214437.0090401s18681872sp |||| | spa d a94(460)2 aReal Academia de la Historia (España)10aDiscursos leídos ante la Academia de la Historia, f1868-1872 /cReal Academia de la Historia. aMadrid : b[s.n.], c1868 (fImp. de José Rodríguez) a1 v. ; c27 cm.8 aContiene: Estudios históricos / Antonio Benavides (38 p.). Crónica general de D. Alfonso el Sabio y los elementos que concurren a la cultura de la época / Juan Facundo Riaño (49 p.). Contestación / Eduardo Saavedra (p. 51-61). El pueblo extremeño / Vicente Barrantes (61 p.). Reyes Católicos / Antonio Cánovas del Castillo (p. 63-84). La expedición de los españoles a Dinamarca, a las órdenes del Marqués de la Romana / José Gómez de Arteche (59 p.). Contestación / Cayetano Rosell (p. 61-83). Antiguos bandos políticos desde el siglo XIII hasta fines del XV / Francisco de Cárdenas (43 p.). Contestación / José Amador de los Ríos (p. 48-78). Expediciones marítimas [s. XIV] / Francisco Javier de Salas (127 p. + 1 map. pleg.). Contestación / Aureliano Fernández-Guerra y Orbe (p. 130-200). Elogio de Don José Cornide de Saavedra / Carlos Ramón Fort (64 p. + 1 retr.). Elche / Marqués de Molins (99 p.). / Contestación / Antonio Benavides (p. 102-124). aES-MaACLjK-119 z- Enc. pasta española